000 nam a22 7a 4500
999 _c3841
_d3841
005 20170524093756.0
008 170524b1984 ny ||||| |||| 00| 0 eng d
020 _a0070161542
040 _aAKMAL
082 _a808.042 DAY
090 _a808.042
_bDAY
100 _aDay, Susan
_97592
245 _aThe Writer's Workbook /
_cSusan Day
250 _a2nd ed.
260 _aNew York :
_bMcGraw-Hill,
_c1984
300 _a227p
_ccm
942 _2ddc
_cBOOK